La Liga: 75+ Assists (2000-) - Statistics

General Stats
  • This quiz has been taken 6 times
  • The average score is 9 of 10
Answer Stats
Ranking Player Positions Nationality Matches Goals (assists) Periods Clubs % Correct
6 Antoine Griezmann MF, FW 530 198 (84) 2010-2025
100%
7 Cristiano Ronaldo MF, FW 292 311 (83) 2009-2018
100%
4 Dani Alves DF, MF 435 26 (96) 2002-2015, 2021-2022
100%
2 Karim Benzema FW 439 238 (106) 2009-2023
100%
8 Koke MF 485 38 (83) 2009-2025
100%
1 Lionel Messi MF, FW 519 474 (191) 2004-2021
100%
3 Xavi MF 464 57 (105) 2000-2015
100%
10 Daniel Parejo MF 526 77 (79) 2008-2025
60%
9 Jesús Navas DF, FW 518 26 (82) 2003-2012, 2017-2025
60%
5 Joaquín MF, FW 623 77 (95) 2001-2012, 2015-2023
40%
No matching quizzes found
Score Distribution
Percent of People with Each Score
Percentile by Number Answered
Your Score History
You have not taken this quiz